Nie práve anjel (Record no. 22349)
[ view plain ]
| 000 -LEADER | |
|---|---|
| fixed length control field | 01763cam a2200445 a 4500 |
| 001 - CONTROL NUMBER | |
| control field | 22349 |
| 003 - CONTROL NUMBER IDENTIFIER | |
| control field | VRT |
| 005 - DATE AND TIME OF LATEST TRANSACTION | |
| control field | 20260326145329.0 |
| 008 - FIXED-LENGTH DATA ELEMENTS--GENERAL INFORMATION | |
| fixed length control field | 240226s1996 xo ra 000 f slo |
| 015 ## - NATIONAL BIBLIOGRAPHY NUMBER | |
| National bibliography number | SNBA1997/1002914 |
| 020 ## - INTERNATIONAL STANDARD BOOK NUMBER | |
| International Standard Book Number | 8085352818 |
| 035 ## - SYSTEM CONTROL NUMBER | |
| System control number | SNK000243483 |
| 035 ## - SYSTEM CONTROL NUMBER | |
| System control number | urn:nbn:sk:snk-amkghd |
| 035 ## - SYSTEM CONTROL NUMBER | |
| System control number | urn:nbn:sk:snk-am002ykt |
| 035 ## - SYSTEM CONTROL NUMBER | |
| System control number | 92172CFA-ED03-49A0-800C-233F1317E623 |
| 039 #9 - LEVEL OF BIBLIOGRAPHIC CONTROL AND CODING DETAIL [OBSOLETE] | |
| Level of rules in bibliographic description | 202505091138 |
| Level of effort used to assign nonsubject heading access points | msnk159 |
| Level of effort used to assign subject headings | 202402262205 |
| Level of effort used to assign classification | VLOAD |
| Level of effort used to assign subject headings | 202205120758 |
| Level of effort used to assign classification | VLOAD |
| Level of effort used to assign subject headings | 202112302016 |
| Level of effort used to assign classification | AUTHORITY |
| 040 ## - CATALOGING SOURCE | |
| Original cataloging agency | SNK |
| Language of cataloging | slo |
| Transcribing agency | SNK |
| Description conventions | AACR2 |
| 041 1# - LANGUAGE CODE | |
| Language code of text/sound track or separate title | slo |
| Language code of original | eng |
| 044 ## - COUNTRY OF PUBLISHING/PRODUCING ENTITY CODE | |
| MARC country code | xo |
| ISO country code | SK |
| 072 #7 - SUBJECT CATEGORY CODE | |
| Subject category code | 821.111-3 |
| Subject category code subdivision | Anglická próza, anglicky písaná |
| Source | konspekt |
| 080 ## - UNIVERSAL DECIMAL CLASSIFICATION NUMBER | |
| Universal Decimal Classification number | 821.111(415)-31 |
| Edition identifier | 2001 |
| 100 1# - MAIN ENTRY--PERSONAL NAME | |
| Personal name | Edmonds, Lucinda, |
| Dates associated with a name | 1965-2021 |
| Relationship | aut |
| 240 10 - UNIFORM TITLE | |
| Uniform title | Not quite an angel |
| Language of a work | Slovensky |
| 245 10 - TITLE STATEMENT | |
| Title | Nie práve anjel |
| Statement of responsibility, etc. | Lucinda Edmonds ; z anglického originálu Not quite an angel ... preložila Valéria Valovičová |
| 260 ## - PUBLICATION, DISTRIBUTION, ETC. | |
| Place of publication, distribution, etc. | Bratislava |
| Name of publisher, distributor, etc. | Remedium |
| Date of publication, distribution, etc. | 1996 |
| 300 ## - PHYSICAL DESCRIPTION | |
| Extent | 359 s. |
| Dimensions | 21 cm |
| 655 #7 - INDEX TERM--GENRE/FORM | |
| Genre/form data or focus term | írske romány (anglicky) |
| Source of term | SNKPH |
| 655 #7 - INDEX TERM--GENRE/FORM | |
| Genre/form data or focus term | historické romány |
| Source of term | SNKPH |
| 700 1# - ADDED ENTRY--PERSONAL NAME | |
| Personal name | Valovičová, Valéria, |
| Dates associated with a name | 1957- |
| Relationship | trl |
| 787 08 - OTHER RELATIONSHIP ENTRY | |
| Relationship information | Nové vydanie ako: |
| Main entry heading | Riley, Lucinda |
| Title | Anjelský strom |
| International Standard Book Number | 9788022215763 |
| 942 ## - ADDED ENTRY ELEMENTS (KOHA) | |
| Source of classification or shelving scheme | Dewey Decimal Classification |
| Koha item type | Krásna literatúra pre dospelých |
| Suppress in OPAC | No |
| 949 ## - LOCAL PROCESSING INFORMATION (OCLC) | |
| 6 | 270001000039295 |
| a | svkbbA 92962 |
| p | 628.024 |
| 949 ## - LOCAL PROCESSING INFORMATION (OCLC) | |
| 9 | P60, <09>, [BOOK], {629} |
| a | snkC 1546 |
| b | snk3021/970626 |
| 949 ## - LOCAL PROCESSING INFORMATION (OCLC) | |
| 6 | 17A0072381 |
| 9 | P60, <03>, [BOOK], {603} |
| a | snkSC 93467 |
| b | snkKSP 6621/97 |
| s | 6100:20140925 |
| 949 ## - LOCAL PROCESSING INFORMATION (OCLC) | |
| 6 | 17A0072380 |
| 9 | P60, <04>, [BOOK], {605} |
| a | snkSC 93467 D1 |
| b | snkKSP 6622/97 |
| 949 ## - LOCAL PROCESSING INFORMATION (OCLC) | |
| 6 | 2889749367 |
| a | savukPV 976 |
| 949 ## - LOCAL PROCESSING INFORMATION (OCLC) | |
| 6 | 270001000005686 |
| a | svkbbA 92962 |
| p | 620.373 |
| 949 ## - LOCAL PROCESSING INFORMATION (OCLC) | |
| 6 | 270001000030862 |
| a | svkbbA 92962 |
| p | 607.641 |
| 949 ## - LOCAL PROCESSING INFORMATION (OCLC) | |
| 6 | 273K0220854 |
| 9 | 1 |
| a | svkpoB 65416 |
| b | svkpo422255 |
| Stav vyradenia | Strata | Poškodenie | Spôsob nadobudnutia | Domovská knižnica | Aktuálna knižnica | Dátum nadobudnutia | Total checkouts | Čiarový kód exemplára | Date last seen | Typ exemplára |
|---|---|---|---|---|---|---|---|---|---|---|
| Dar | Obecná knižnica Turčianska Štiavnička | Obecná knižnica Turčianska Štiavnička | 26.03.2026 | 4738000768 | 26.03.2026 | Krásna literatúra pre dospelých |
